000 01713cam a2200469 a 4500
001 22193
003 VRT
005 20260321130311.0
008 240318s2014 xo g 000 f slo
015 _aSNBA2014/11
020 _a9788055139500
_q(viaz.)
035 _aA9D3F41E-9DD1-40EA-BF5C-39B79F5C2BAD
035 _aurn:nbn:sk:snk-am3h5z8
035 _aurn:nbn:sk:snk-am008zox
039 9 _a202403181439
_bVLOAD
_c202103231148
_dAUTHORITY
_c201911101908
_dAUTHORITY
_c201911101853
_dAUTHORITY
040 _aPOKPOH
_bslo
_cPOKPOH
_dSNK
_eAACR2
041 1 _aslo
_heng
044 _axo
_cSK
072 7 _a821.111(73)-3
_xAmerická próza
_2konspekt
080 _a821.111(73)-31
_22001
080 _a(0:82-312.5)
_22001
100 1 _aSteel, Danielle,
_d1947-
_4aut
240 1 0 _aFirst Sight
_lSlovensky
245 1 0 _aNa prvý pohľad
_cDanielle Steel ; [z anglického originálu preložila Martina Zrubáková ; verše preložil Milan Richter]
250 _a1. vyd.
260 _aBratislava
_bIkar
_c2014
300 _a453 s.
_c21 cm
655 7 _aamerické romány
_2SNKPH
655 7 _aAmerican fiction
_2SNKPHeng
655 7 _aľúbostné romány
_2SNKPH
655 7 _aLove noveles
_2SNKPHeng
700 1 _aZrubáková, Martina
_4trl
700 1 _aRichter, Milan,
_d1948-
_4trl
910 _abpksh
942 _2ddc
_cKLDO
_n0
949 _617A1115794
_asnkSC 160889
_bsnk2014/18914
_o1865/14
_s6100:20140925
949 _617A1116630
_asnkSC 160889 D1
_bsnk2014/20835
_o1865/14
949 _62889208238
_asavukPV 19541
_bsavuk2014/3527
949 _63869A10641
_abpksh821.111(73)-31
_bbpksh66473
949 _6273K0586317
_asvkpoA 224895
_bsvkpo583490
949 _6270001000459817
_asvkbbA 142327
_bsvkbbm 746848
999 _c22193
_d22193